000 00657nam a2200253Ia 4500
003 OSt
005 20220928102053.0
006 a|||||r|||| 00| 0
007 ta
008 220927b |||||||| |||| 00| 0 eng d
024 _a48828
037 _cTextual
040 _aSDCL
_cSDCL
_beng
041 _2eng
_aeng
082 _aX::8Fg, P8
100 _aBhatt R C
_9396378
245 0 _aQuestion Bank with model test papers
250 _a3
260 _aNew Delhi
_bTaxmann Allied Services
_c2008
300 _a14+761p
_ccm.
650 _aAccounts Guide
_9396379
942 _hX::8Fg, P8
_cTEXL
_2CC
999 _c712102
_d712102